000 00468nam a2200181Ia 4500
001 24232
005 20260414151029.0
008 260414t2007||||xx |||||||||||||| ||spa||
041 _aESP
082 _a345.145
_bG63
100 _aGómez Mendoza, Gonzalo
_eAUT
245 0 _aInstituciones en el derecho procesal penal peruano texto impreso
_b
260 _c2007
300 _a1285 páginas :
_ccm.
650 _aDER
654 _aCDE
942 _cLIB
_dJUS
_fJUS
_2ddc
_n
999 _c24232
_d24232